Flagi państw słowiańskich - Statystyki

Ogólne statystyki
  • Ten quiz został rozwiązany 224 razy
  • Średni wynik to 13 z 13
Statystyki odpowiedzi
Obrazkowy Odpowiedź % Poprawnych
Białoruś
100%
Czechy
100%
Polska
100%
Rosja
100%
Słowacja
100%
Ukraina
100%
Macedonia Północna
99%
Chorwacja
98%
Słowenia
98%
Bośnia i Hercegowina
97%
Bułgaria
96%
Serbia
95%
Czarnogóra
93%
Nie znaleziono quizów pasujących do podanych kryteriów
Rozkład punktacji
Procent ludzi z każdym wynikiem
Percentyl według liczby udzielonych odpowiedzi
Twoja historia wyników
Nie rozwiązałeś tego quizu